Т. 2; Фтор и его соединения

Podrobná bibliografie
Parent link:Фтор и его соединения: сборник статей/ Под ред. Дж. Саймонса. Т. 2.— , 1953-1956
Shrnutí:Библиогр. в конце глав
Jazyk:ruština
Vydáno: 1956
Témata:
Médium: Kniha
KOHA link:https://koha.lib.tpu.ru/cgi-bin/koha/opac-detail.pl?biblionumber=86761

MARC

LEADER 00000nam2a2200000 4500
001 86761
005 20231101213511.0
035 |a (RuTPU)RU\TPU\book\93161 
035 |a RU\TPU\book\77784 
090 |a 86761 
100 |a 20051129d1956 k y0rusy50 ca 
101 1 |a rus  |c eng 
102 |a RU 
105 |a a z 001zy 
200 0 |a Т. 2 
210 |d 1956 
215 |a 496 с.  |c ил. 
300 |a Библиогр. в конце глав 
461 1 |0 (RuTPU)RU\TPU\book\75615  |t Фтор и его соединения  |o сборник статей  |o перевод с английского  |f Под ред. Дж. Саймонса  |v Т. 2  |d 1953-1956 
606 1 |a Фтор  |x Химия  |2 stltpush  |3 (RuTPU)RU\TPU\subj\16971  |9 42842 
610 1 |a неорганическая химия 
610 1 |a нелетучие неорганические фториды 
610 1 |a летучие неорганические фториды 
610 1 |a фторкислоты 
610 1 |a галоидсодержащие соединения 
610 1 |a трифториды бора 
610 1 |a фтористый водород 
610 1 |a получение 
610 1 |a физические свойства 
610 1 |a фторуглероды 
675 |a 546.16  |v 3 
801 1 |a RU  |b 63413507  |c 20050207  |g PSBO 
801 2 |a RU  |b 63413507  |c 20190206  |g PSBO 
942 |c BK